Health justice in India: Citizenship, power and health care jurisprudence (Record no. 396126)

MARC details
000 -LEADER
fixed length control field 00539 a2200193 4500
005 - DATE & TIME
control field 20260423142658.0
008 - FIXED-LENGTH DATA ELEMENTS--GENERAL INFORMATION
fixed length control field 260423b |||||||| |||| 00| 0 eng d
020 ## - ISBN
International Standard Book Number 9789819901661
Price Rs. 1795.00
040 ## - CATALOGING SOURCE
Original cataloging agency VIVEKANANDA LIBRARY
082 ## - DDC NUMBER
Classification number 344.041
Book Number P658H
100 ## - MAIN ENTRY--PERSONAL NAME
Personal name Pinto, Edward Premdas
245 ## - TITLE STATEMENT
Title Health justice in India: Citizenship, power and health care jurisprudence
260 ## - PUBLICATION, DISTRIBUTION, ETC. (IMPRINT)
Name of publisher, distributor, etc Springer
Date of publication, distribution, etc 2023
Place of publication, distribution, etc Singapore
300 ## - PHYSICAL DESCRIPTION
Pages xxv, 295
650 ## - Subject
Subject Law
650 ## - Subject
Subject Public Health Law
650 ## - Subject
Subject Health- Medical Law
942 ## - ADDED ENTRY ELEMENTS (KOHA)
Koha item type Books
Holdings
Withdrawn status Lost status Source of classification or shelving scheme Damaged status Not for loan Location (home branch) Sublocation or collection (holding branch) Shelving location Date acquired Koha issues (times borrowed) Koha full call number Accession No. Koha date last seen Koha item type
    Dewey Decimal Classification     VIVEKANANDA LIBRARY VIVEKANANDA LIBRARY Law Library 02/02/2026   344.041 P658H 377814 02/02/2026 Books
© Designed and Maintained by Vivekananda Library, MDU Rohtak